000 00722nam a2200229Ia 4500
003 GCL
008 140319s9999 xx 000 0 ara d
020 _a0853305977
040 _aGCL /
_cGCL
082 0 4 _aق
_b932
_bا ت
100 1 _aمحمد مجاهد
245 1 0 _aتوت عنخ امون /
_cمحمد مجاهد
700 1 _aانجى فريد
260 _aالقاهرة :
_bالمجلس الاعلى للاثار ،
_c2005
300 _a107 ص ؛
_c16 سم
650 0 4 _aالحضارة الفرعونية
650 0 4 _aالاثار الفرعونية
650 0 4 _aالمصريون القدماء
650 0 4 _aتوت عنخ امون
650 0 4 _aمصر القديمة - تاريخ
942 _2ddc
_cBK
999 _c8576
_d8576